| 000 | 00459nam a2200157Ia 4500 | ||
|---|---|---|---|
| 008 | 230312s9999||||xx |||||||||||||| ||und|| | ||
| 020 | _a1-930865-19-8 | ||
| 082 |
_a338.0919 _bSPA |
||
| 100 | _aHudgins Edward , L. | ||
| 245 | 0 | _aSPACE The Free Market Frontier | |
| 260 |
_bCATO Institute _aWashington,D.C. _c2002 |
||
| 300 | _a259 | ||
| 546 | _aEng. | ||
| 650 |
_aEconomics _vHistory of Space Flight and Nasa , Barriers to space enterprise |
||
| 942 | _cBK | ||
| 999 |
_c2408 _d2408 |
||